00613nam a2200217 i 4500001000300000100002100003245004700024260003700071300002800108490001400136504001200150650001500162655001800177830001400195020001500209040000800224041000800232080001600240008004100256856009800297bg1 aSokół, Maria.10aPo prostu Windows XP PL /cMaria Sokół. aGliwice :b"Helion",ccop. 2002. a365 s. :bil. ;c23 cm.1 aPo Prostu aIndeks. 9aWindows XP aPodręczniki aPo Prostu a8371978383 cBPK0 apol a004.451(07) s pl f |000 0 pol  uhttp://koha.tu.koszalin.pl/cgi-bin/koha/opac-detail.pl?biblionumber=43576yKatalog online BPK